000 01229nam a2200325 i 4500
001 000013172
003 DO-SdBNP
005 20240412074238.0
007 ta
008 091102s1968 dr 001 0 spa d
040 _aDO-SdBNP
_bspa
_cBNPHU
_erda
049 _aBNPD
082 4 _aRD862.44
_bR918t
_222
100 _aRueda, Manuel,
_d1921-1999
_922834
245 1 0 _aTeatro :
_bLa trinitaria blanca ; La tía Beatríz hace un milagro ; Vaciones en el cielo ; Entre alambradas /
_cManuel Rueda ; prólogo Juan González-Chamorro.
264 _aSanto Domingo :
_bSociedad de Autores y Compositores Dramáticos de la República Dominicana,
_c1968.
300 _a394 páginas ;
_c21 cm.
336 _2rdacontent
_atexto
_btxt
337 _2rdamedia
_asin mediación
_bn
338 _2rdacarrier
_avolumen
_bnc
500 _aIncluye notas al pie de páginas.
500 _aIncluye datos biográficos del autor en la contracubierta.
586 _aPremio nacional de Literatura 1957.
590 _aInventariado, 2023/BT
650 0 _aTeatro dominicano
_9637
650 0 _aLiteratura dominicana.
_967
700 1 _aGonzález-Chamorro, Juan,
_eprólogo
_928198
910 _aValidado. Control de calidad EMS.
942 _2ddc
_cLBS1
999 _c12811
_d12811